Central Library OPAC University of Rajshahi

The function of accounting in economic development : (Record no. 62494)

MARC details
000 -LEADER
fixed length control field 00967nam a2200289 a 4500
001 - CONTROL NUMBER
control field 62494
003 - CONTROL NUMBER IDENTIFIER
rucl marc code BD-RjUL
005 - DATE AND TIME OF LATEST TRANSACTION
control field 20211209081107.0
008 - FIXED-LENGTH DATA ELEMENTS--GENERAL INFORMATION
fixed length control field 720125s1967 nyua b 000 0 eng
035 ## - SYSTEM CONTROL NUMBER
System control number (BD-RjUL)62620
System control number (OCoLC)227985
040 ## - CATALOGING SOURCE
Original cataloging agency DLC
Transcribing agency ODaWU
Modifying agency OCoLC
-- NIIC
-- Uk
-- DLC
-- BD-RjUL
Language of cataloging eng
041 ## - LANGUAGE CODE
Language code of text/sound track or separate title eng
082 ## - DEWEY DECIMAL CLASSIFICATION NUMBER
Classification number 658.15
Author mark and year SEF 1967
100 1# - MAIN ENTRY--PERSONAL NAME
Personal name Seidler, Lee J.
9 (RLIN) 47167
245 14 - TITLE STATEMENT
Title The function of accounting in economic development :
Remainder of title Turkey as a case study /
Statement of responsibility, etc. [by] Lee J. Seidler.
260 ## - PUBLICATION, DISTRIBUTION, ETC. (IMPRINT)
Place of publication, distribution, etc. New York :
Name of publisher, distributor, etc. Praeger,
Date of publication, distribution, etc. 1967.
300 ## - PHYSICAL DESCRIPTION
Pagination xx, 346 p.:
Illustrations ill.;
Size 24 cm.
504 ## - BIBLIOGRAPHY, ETC. NOTE
Bibliography, etc Bibliography: p. 335-346.
650 #0 - SUBJECT ADDED ENTRY--TOPICAL TERM
Topical term or geographic name as entry element Fiscal policy
Geographic subdivision Turkey.
9 (RLIN) 229414
Topical term or geographic name as entry element Finance, Public
Geographic subdivision Turkey
General subdivision Accounting.
9 (RLIN) 229415
651 #0 - SUBJECT ADDED ENTRY--GEOGRAPHIC NAME
Geographic name Turkey
General subdivision Economic policy.
9 (RLIN) 229416
942 ## - ADDED ENTRY ELEMENTS (KOHA)
Source of classification or shelving scheme Dewey Decimal Classification
Koha item type Books
Holdings
Lost status Source of classification or shelving scheme Damaged status Not for loan Collection code Permanent Location Current Location Shelving location Date acquired Source of acquisition Cost, normal purchase price Total Checkouts Full call number Date last seen Copy number Koha item type
  Dewey Decimal Classification   Not For Loan Non-fiction Central Library, University of Rajshahi Central Library, University of Rajshahi Reading Room 06/06/1970 Zeitlinger 142.60   658.15 SEF 1967 16/03/2019 C-1 Books
  Dewey Decimal Classification     Non-fiction Central Library, University of Rajshahi Central Library, University of Rajshahi   06/06/1970 Zeitlinger 142.60   658.15 SEF 1967 16/03/2019 C-2 Books